000
00276nam a2200109Ia 4500
008
171211s9999 xx 000 0 und d
245
_a
Agni: Way of Fire
245
_c
Bruce Lyon
260
_c
2004
650
_x
FITNESS
856
_u
http://down.ebook777.com/063/0476009383.pdf
999
_c
349040
_d
349040